=LDR 00000nam 2200000 4500 =001 INLIS000000000039364 =005 20130612145008 =008 ***********************************ind** =035 ##$$0010-061300000039364 =041 ##$$a ind =082 ##$$a 158.3 =090 ##$$a 158.3 , Mol, c =100 ##$$a Moiloy, Andrea =245 ##$$a Coach Tour Self to Success , Mimpi Tercapai Target Terpenuhi 8 Langkah Mudah Meraih Kesuksesan Dalam Hidup Anda , Andrea Molloy =260 ##$$a 2010 $b Jakarta =300 ##$$a 235 hlm. , 21 cm =650 ##$$a SUKSES PRIBADI =850 ##$$a NBPNMAT =990 ##$$a 0001/BPAP-NTB/20142014 =990 ##$$a 0001/BPAP-NTB/20142014 =990 ##$$a 0031/BPAP-NTB/2015